[Event "WCh w Blitz Final"]
[Site "Moscow RUS"]
[Date "2010.09.18"]
[Round "24"]
[White "Stefanova,A"]
[Black "Krush,I"]
[Result "1-0"]
[WhiteElo "2551"]
[BlackElo "2490"]
[EventDate "2010.09.17"]

1. d4 d5 2. c4 dxc4 3. Nf3 Nf6 4. e3 e6 5. Bxc4 c5 6. O-O a6 7. dxc5 Qxd1
8. Rxd1 Bxc5 9. Be2 b6 10. Nbd2 Bb7 11. Nb3 Be7 12. Ne5 Nbd7 13. Nc4 Bd5
14. f3 Rc8 15. Ncd2 Bb7 16. e4 Nc5 17. Kf1 Nfd7 18. Nd4 Na4 19. Nc4 b5 20.
Na5 Ba8 21. Rb1 Bc5 22. Nxb5 Ke7 23. Nd4 Bb4 24. Nab3 Rb8 25. Bxa6 Bd6 26.
Bb5 Nac5 27. Nxc5 Nxc5 28. b4 Nd7 29. a3 Ne5 30. Be2 Rhc8 31. g3 Nc4 32.
Rb3 g6 33. Rc3 Nb6 34. Rxc8 Rxc8 35. Nb5 Bb8 36. Be3 Nc4 37. Bc5+ Nd6 38.
Nxd6 Rh8 1-0

[Event "WCh w Blitz Final"]
[Site "Moscow RUS"]
[Date "2010.09.18"]
[Round "24"]
[White "Koneru,H"]
[Black "Skripchenko,A"]
[Result "1-0"]
[WhiteElo "2593"]
[BlackElo "2464"]
[EventDate "2010.09.17"]

1. d4 d6 2. Nf3 Bg4 3. Nbd2 Nd7 4. g3 e5 5. Bg2 c6 6. h3 Bh5 7. O-O Ngf6 8.
dxe5 dxe5 9. g4 Bg6 10. Nc4 Qc7 11. c3 h5 12. g5 Nd5 13. Nh4 Nf4 14. Bxf4
exf4 15. Nxg6 fxg6 16. Qc2 O-O-O 17. Rad1 b5 18. Nd2 Ne5 19. Nf3 Nxf3+ 20.
Bxf3 Rd6 21. Qe4 Qe7 22. Qxf4 Re6 23. Rd3 Qc7 24. Qxc7+ Kxc7 25. Rfd1 Bd6
26. h4 Rd8 27. Kg2 Be7 28. Rxd8 Bxd8 29. Rd4 a5 30. a4 bxa4 31. Rxa4 Kb6
32. Rd4 Bc7 33. Re4 Rd6 34. Re7 Rd2 35. Rxg7 Rxb2 36. Rxg6 Be5 37. Rxc6+
Kb5 38. g6 a4 39. c4+ Kb4 40. Re6 Bc3 41. c5 Kxc5 42. Rc6+ Kd4 43. g7 a3
44. g8=Q a2 45. Qg7+ 1-0

[Event "WCh w Blitz Final"]
[Site "Moscow RUS"]
[Date "2010.09.18"]
[Round "24"]
[White "Kosintseva,T"]
[Black "Muzychuk,A"]
[Result "0-1"]
[WhiteElo "2573"]
[BlackElo "2535"]
[EventDate "2010.09.17"]

1. e4 c5 2. Nf3 Nc6 3. Bb5 Nf6 4. Nc3 Qc7 5. d3 a6 6. Bxc6 Qxc6 7. O-O d6
8. e5 Nd5 9. Nxd5 Qxd5 10. c4 Qc6 11. d4 Bg4 12. d5 Qd7 13. exd6 exd6 14.
Re1+ Be7 15. Qe2 Bxf3 16. Qxf3 O-O 17. Bf4 Rfe8 18. b3 b5 19. h3 Bf8 20.
Qd3 Rab8 21. Bg3 g6 22. Rad1 Bg7 23. Re4 Rxe4 24. Qxe4 Re8 25. Qd3 Be5 26.
Re1 bxc4 27. bxc4 Bxg3 28. Rxe8+ Qxe8 29. Qxg3 Qd7 30. Qf4 Kg7 31. Kh2 Qe7
32. g3 a5 33. h4 h5 34. Kg2 a4 35. a3 Qd7 36. Qe4 Qb7 37. Qf4 Qe7 38. Kf3
Qf6 39. Qxf6+ Kxf6 40. Kf4 Kg7 41. f3 f6 42. g4 Kh6 43. Kg3 g5 44. hxg5+
fxg5 45. gxh5 Kxh5 46. Kh3 Kh6 47. Kg4 Kg6 48. Kh3 Kf6 49. Kg4 Kg6 50. Kh3
Kf5 51. Kg3 Ke5 52. Kg4 Kd4 53. Kxg5 Kxc4 54. f4 Kxd5 55. f5 c4 56. f6 c3
57. f7 c2 58. f8=Q c1=Q+ 59. Kh5 Qxa3 60. Qf5+ Kc6 61. Qc8+ Kb5 62. Qb7+
Kc5 63. Qc7+ Kd4 64. Qg7+ Kd5 65. Qf7+ Kc6 66. Qe8+ Kb7 67. Qd7+ Kb6 68.
Qd8+ Kb5 69. Qb8+ Kc4 70. Qc8+ Qc5+ 0-1

[Event "WCh w Blitz Final"]
[Site "Moscow RUS"]
[Date "2010.09.18"]
[Round "25"]
[White "Muzychuk,M"]
[Black "Kosintseva,N"]
[Result "0-1"]
[WhiteElo "2464"]
[BlackElo "2565"]
[EventDate "2010.09.17"]

1. e4 e5 2. Nf3 Nc6 3. d4 exd4 4. Nxd4 Bc5 5. Be3 Qf6 6. c3 Nge7 7. g3 d5
8. Bg2 dxe4 9. O-O O-O 10. Nd2 Bb6 11. Nxe4 Qg6 12. Nxc6 Nxc6 13. Nc5 Re8
14. Re1 Bg4 15. Qb3 Ne5 16. Qd5 c6 17. Qd4 Nf3+ 18. Bxf3 Bxf3 19. Qf4 Qh5
20. b4 h6 21. Bd4 Bc7 22. Qh4 Qxh4 23. gxh4 b6 24. Nd3 f6 25. Re3 Rxe3 26.
fxe3 Be4 27. Nf4 Kf7 28. h5 Rd8 29. Kf2 c5 30. bxc5 bxc5 31. Bxc5 Rd2+ 32.
Kg1 a5 33. a3 Bxf4 34. exf4 Rg2+ 35. Kf1 Rxh2 36. Re1 f5 37. Re3 Rxh5 38.
Bd4 g5 39. fxg5 hxg5 40. c4 Ke6 41. Rb3 f4 42. Rb5 Bd3+ 43. Kf2 Bxc4 44.
Rxa5 Bd5 45. Ra6+ Kf5 46. Rd6 Be4 47. a4 Rh2+ 48. Ke1 Ra2 49. Ra6 Bd3 50.
Ra7 g4 51. a5 Ke4 52. Bb6 g3 53. Re7+ Kf3 54. Rf7 g2 55. Rg7 Be4 56. Rg8
Bd5 57. Rg7 Bb3 58. Rg6 Re2+ 0-1

[Event "WCh w Blitz Final"]
[Site "Moscow RUS"]
[Date "2010.09.18"]
[Round "25"]
[White "Sebag,M"]
[Black "Lahno,Kateri"]
[Result "0-1"]
[WhiteElo "2499"]
[BlackElo "2539"]
[EventDate "2010.09.17"]

1. e4 e5 2. Nf3 Nc6 3. Bb5 Nf6 4. d3 Bc5 5. c3 d6 6. O-O O-O 7. Nbd2 h6 8.
h3 a6 9. Ba4 Ba7 10. Re1 Ne7 11. Nf1 Ng6 12. Ng3 b5 13. Bc2 Re8 14. d4 Bb7
15. Be3 exd4 16. Bxd4 c5 17. Bxf6 Qxf6 18. Qd2 Rad8 19. Rad1 c4 20. Nh2 Qf4
21. Qxf4 Nxf4 22. Nf5 Bc5 23. Ng4 h5 24. Nge3 Bxe4 25. Bxe4 Rxe4 26. Nc2
Rxe1+ 27. Rxe1 Nd3 28. Re2 Nxb2 29. Ne7+ Kf8 30. Nd5 Nd3 31. Nce3 Bxe3 32.
fxe3 a5 33. a3 Rc8 34. e4 Rc5 35. g4 hxg4 36. hxg4 Ne5 37. Rf2 Nxg4 38. Rf4
Ne5 39. Rh4 Nf3+ 0-1

[Event "WCh w Blitz Final"]
[Site "Moscow RUS"]
[Date "2010.09.18"]
[Round "25"]
[White "Nebolsina,V"]
[Black "Gunina,V"]
[Result "0-1"]
[WhiteElo "2360"]
[BlackElo "2465"]
[EventDate "2010.09.17"]

1. d4 d5 2. c4 e6 3. Nc3 Be7 4. cxd5 exd5 5. Bf4 Nf6 6. e3 O-O 7. Bd3 c6 8.
h3 Bd6 9. Nge2 Re8 10. Qc2 b6 11. O-O-O Bxf4 12. Nxf4 Ba6 13. g4 Bxd3 14.
Qxd3 Nbd7 15. Kb1 Qe7 16. Rc1 Rac8 17. Rhg1 Nf8 18. Nce2 Ne4 19. Rgf1 Ne6
20. Nh5 g6 21. Nhg3 N6g5 22. h4 Nf3 23. Nxe4 dxe4 24. Qc2 Qxh4 25. Nf4 Qxg4
26. Rh1 Qf5 27. Rh6 Nxd4 28. exd4 Qxf4 29. Rch1 e3 30. fxe3 Rxe3 31. Rxh7
Rce8 32. Rh8+ Kg7 33. R8h7+ Kf6 34. Qxc6+ R3e6 35. Qc3 Qe4+ 36. Kc1 Rc6 37.
Rf1+ Ke6 38. d5+ Kxd5 0-1

[Event "WCh w Blitz Final"]
[Site "Moscow RUS"]
[Date "2010.09.18"]
[Round "25"]
[White "Gaponenko,I"]
[Black "Kosintseva,T"]
[Result "1/2-1/2"]
[WhiteElo "2469"]
[BlackElo "2573"]
[EventDate "2010.09.17"]

1. e4 c5 2. Nf3 d6 3. d4 cxd4 4. Nxd4 Nf6 5. Nc3 Nc6 6. Bg5 e6 7. Qd2 a6 8.
O-O-O Be7 9. f4 Bd7 10. Nf3 b5 11. Bxf6 gxf6 12. g3 Qb6 13. f5 O-O-O 14.
fxe6 fxe6 15. Bh3 Kb8 16. Ne2 Rhe8 17. Nf4 Bf8 18. Nh5 Be7 19. Ng7 Ne5 20.
Nxe5 fxe5 21. Nxe8 Rxe8 22. Rhf1 b4 23. Rf7 a5 24. Rxh7 a4 25. Kb1 Bc8 26.
Rf7 Qc5 27. Qf2 Qc6 28. Bg2 Ba6 29. h4 a3 30. Qd2 Qc5 31. b3 Bf8 32. h5 Rc8
33. Qf2 Qc6 34. Rxf8 Qc3 35. Rxc8+ Kxc8 36. Qf8+ Kb7 1/2-1/2

[Event "WCh w Blitz Final"]
[Site "Moscow RUS"]
[Date "2010.09.18"]
[Round "25"]
[White "Muzychuk,A"]
[Black "Koneru,H"]
[Result "1/2-1/2"]
[WhiteElo "2535"]
[BlackElo "2593"]
[EventDate "2010.09.17"]

1. e4 e5 2. Nf3 Nc6 3. d4 exd4 4. Nxd4 Bb4+ 5. c3 Bc5 6. Be3 Bb6 7. Qg4 Qf6
8. Qg3 Qg6 9. Qf4 Qf6 10. Qg3 Qg6 11. Qf4 Nxd4 12. cxd4 Ne7 13. Nc3 O-O 14.
Bd3 d5 15. O-O c6 16. Rad1 dxe4 17. Bxe4 Bf5 18. Bf3 Rad8 19. d5 Bxe3 20.
Qxe3 Nxd5 21. Nxd5 cxd5 22. Qxa7 Qc6 23. Qd4 Be6 24. Rc1 Qa6 25. a3 h6 26.
h3 Qd6 27. Rfd1 Rc8 28. h4 Rxc1 29. Rxc1 Rd8 30. g3 Qd7 31. Kg2 Bh3+ 32.
Kh2 Be6 33. a4 Rc8 34. Rxc8+ Qxc8 35. Kg2 Qc6 36. a5 Qb5 37. b4 g6 38. Bd1
h5 39. Bf3 Kf8 40. Qc3 Ke7 41. Qc7+ Kf6 42. Qf4+ Ke7 43. Qc7+ Kf6 44. Qf4+
Ke7 45. Qc7+ 1/2-1/2

[Event "WCh w Blitz Final"]
[Site "Moscow RUS"]
[Date "2010.09.18"]
[Round "25"]
[White "Skripchenko,A"]
[Black "Stefanova,A"]
[Result "0-1"]
[WhiteElo "2464"]
[BlackElo "2551"]
[EventDate "2010.09.17"]

1. e4 e5 2. Nf3 Nc6 3. Bc4 Bc5 4. c3 Nf6 5. d3 O-O 6. Bb3 Bb6 7. Nbd2 d6 8.
h3 Ne7 9. d4 Ng6 10. O-O c6 11. Re1 h6 12. Nf1 Re8 13. Ng3 Be6 14. Bxe6
Rxe6 15. a4 Qe8 16. dxe5 dxe5 17. a5 Bc7 18. Qb3 Rb8 19. Be3 b6 20. axb6
axb6 21. Ra7 Bd8 22. Nd2 Nf4 23. Nc4 b5 24. Nxe5 Nxh3+ 25. gxh3 Rxe5 26.
Bf4 Bb6 27. Ra6 Bc5 28. Kg2 Nd7 29. Bxe5 Nxe5 30. Nf5 Kh7 31. Qc2 g6 32.
Nd4 Rc8 33. Raa1 Qe7 34. Re3 Qg5+ 35. Rg3 Qe7 36. Re1 Rd8 37. f4 Bxd4 38.
cxd4 Nc4 39. b3 Na3 40. Qb2 b4 41. Rd1 Nb5 42. Qe2 Nc3 43. Qf3 Nxd1 44.
Qxd1 Qxe4+ 45. Rf3 Rxd4 46. Qc1 Rd3 47. Qf1 Rxf3 48. Qxf3 Qxf3+ 0-1

[Event "WCh w Blitz Final"]
[Site "Moscow RUS"]
[Date "2010.09.18"]
[Round "26"]
[White "Paikidze,N"]
[Black "Skripchenko,A"]
[Result "1-0"]
[WhiteElo "2376"]
[BlackElo "2464"]
[EventDate "2010.09.17"]

1. d4 d6 2. Nf3 Bg4 3. c4 Nd7 4. Nc3 e5 5. e3 Ngf6 6. Be2 Be7 7. h3 Bh5 8.
O-O O-O 9. Nh4 Bxe2 10. Qxe2 exd4 11. exd4 Re8 12. Nf5 Bf8 13. Qd3 c5 14.
Bg5 h6 15. Bh4 g6 16. Ne3 cxd4 17. Qxd4 Qb6 18. Bxf6 Nxf6 19. Qxf6 Bg7 20.
Qf3 Qxb2 21. Ncd5 Qa3 22. Rab1 b6 23. Nc7 1-0

[Event "WCh w Blitz Final"]
[Site "Moscow RUS"]
[Date "2010.09.18"]
[Round "26"]
[White "Stefanova,A"]
[Black "Muzychuk,A"]
[Result "1/2-1/2"]
[WhiteElo "2551"]
[BlackElo "2535"]
[EventDate "2010.09.17"]

1. d4 f5 2. Bg5 h6 3. Bf4 d6 4. e4 Nf6 5. exf5 Bxf5 6. Bd3 Qd7 7. Nf3 g5 8.
Be3 Bg7 9. Nc3 e6 10. h3 Bxd3 11. Qxd3 Nc6 12. a3 O-O-O 13. O-O-O Ne7 14.
Bd2 a6 15. Rhe1 Ned5 16. Nxd5 exd5 17. Re2 Rde8 18. Rde1 Re4 19. Be3 Rhe8
20. Nd2 R4e7 21. Qg6 Ne4 22. Nf1 Qb5 23. Qf5+ Kb8 24. Nd2 Nxd2 25. Rxd2 Qc4
26. Kb1 Re4 27. c3 a5 28. Qf3 a4 29. Rh1 Rf8 30. Qd1 Qc6 31. Qc2 Qd7 32.
Qd3 c6 33. Rdd1 Qf5 34. Qc2 Ree8 35. Qxf5 Rxf5 36. Rde1 Kc7 37. Kc1 Kd7 38.
Kd1 Re4 39. f3 Re8 40. h4 Bf6 41. hxg5 Bxg5 42. Bxg5 Rxe1+ 43. Kxe1 Rxg5
44. g4 Rg6 45. Kf2 c5 46. Rd1 Kc6 47. Re1 b5 48. Re8 cxd4 49. cxd4 b4 50.
Rb8 bxa3 51. bxa3 Rg7 52. Rb4 Ra7 53. f4 Kd7 54. f5 Ke7 55. Rb5 Rc7 56. Rb4
Rc4 57. Rb7+ Kf6 58. Rb6 Rxd4 59. Rxd6+ Kg7 60. Rg6+ Kh7 61. Ke3 Rc4 62.
Kd3 Rf4 63. Kc3 Rc4+ 64. Kd3 Rf4 65. Ke3 Re4+ 66. Kd3 Rf4 1/2-1/2

[Event "WCh w Blitz Final"]
[Site "Moscow RUS"]
[Date "2010.09.18"]
[Round "26"]
[White "Koneru,H"]
[Black "Gaponenko,I"]
[Result "1-0"]
[WhiteElo "2593"]
[BlackElo "2469"]
[EventDate "2010.09.17"]

1. d4 d5 2. c4 c6 3. Nf3 Nf6 4. e3 Bf5 5. Nc3 e6 6. Nh4 Bg6 7. Qb3 Qb6 8.
Nxg6 hxg6 9. Bd2 Nbd7 10. Qc2 Be7 11. O-O-O O-O-O 12. cxd5 exd5 13. Kb1 Kb8
14. f3 Ka8 15. Rc1 Bd6 16. h3 Rde8 17. Bd3 Bg3 18. Qa4 Bb8 19. g4 c5 20. g5
cxd4 21. exd4 Nh5 22. Qxd7 Qxd4 23. Qxd5 Qxd5 24. Nxd5 Rd8 25. Bc4 Ng3 26.
Rhd1 Rxh3 27. Bf4 Rxd5 28. Rxd5 Bxf4 29. Rd8+ Bb8 30. Bd3 a6 31. Rcc8 Ka7
32. Rxb8 Nh5 33. Be4 1-0

[Event "WCh w Blitz Final"]
[Site "Moscow RUS"]
[Date "2010.09.18"]
[Round "26"]
[White "Lahno,Kateri"]
[Black "Muzychuk,M"]
[Result "0-1"]
[WhiteElo "2539"]
[BlackElo "2464"]
[EventDate "2010.09.17"]

1. e4 c5 2. Nf3 e6 3. d4 cxd4 4. Nxd4 a6 5. c4 Nf6 6. Nc3 Bb4 7. Bd3 Nc6 8.
Nde2 d6 9. a3 Bc5 10. O-O O-O 11. b4 Ba7 12. Bb2 Bd7 13. Qd2 Ne5 14. Rac1
Rc8 15. Nd1 Nxd3 16. Qxd3 b5 17. Bxf6 Qxf6 18. c5 Bb8 19. Ne3 Rfd8 20. cxd6
Bc6 21. Nd4 Rxd6 22. e5 Qxe5 23. Nxc6 Rdxc6 24. Ng4 Qc7 25. Rxc6 Qxc6 26.
Rd1 h6 27. g3 Bc7 28. Kf1 Rd8 29. Qb1 Qc4+ 30. Kg2 Qxg4 31. Rc1 Bb6 32. Qc2
Qd4 33. Rf1 Qd5+ 34. Kg1 Qc4 35. Qb1 Rc8 36. Qd1 Qc3 37. Qd6 Qd4 38. Qe7
Rc2 39. Qe8+ Kh7 40. Qxf7 Qe4 41. h4 Ra2 42. h5 Rxa3 43. Kh2 Rf3 44. Qe8
Bxf2 45. Qg6+ Qxg6 46. hxg6+ Kxg6 47. Kg2 Rf5 48. g4 Rf4 49. Ra1 Bd4 50.
Rxa6 Rxg4+ 51. Kf3 Kf5 52. Ra5 Rf4+ 53. Kg3 Bf2+ 54. Kg2 Rxb4 55. Ra8 Rb2
56. Rf8+ Ke4 57. Kh3 b4 58. Re8 Ke5 59. Rb8 b3 60. Kg4 Bd4 61. Kh5 Rb1 62.
Rb5+ Ke4 63. Kg6 b2 64. Kf7 Rc1 65. Kxe6 b1=Q 0-1

[Event "WCh w Blitz Final"]
[Site "Moscow RUS"]
[Date "2010.09.18"]
[Round "27"]
[White "Lahno,Kateri"]
[Black "Kosintseva,N"]
[Result "1/2-1/2"]
[WhiteElo "2539"]
[BlackElo "2565"]
[EventDate "2010.09.17"]

1. e4 e5 2. Nf3 Nc6 3. Bb5 a6 4. Ba4 Nf6 5. d3 d6 6. c3 b5 7. Bc2 g6 8. O-O
Bg7 9. a4 Bb7 10. Nbd2 O-O 11. Nb3 Ne7 12. Na5 Rb8 13. Nxb7 Rxb7 14. axb5
axb5 15. d4 exd4 16. cxd4 c5 17. e5 dxe5 18. dxe5 Nfd5 19. Be4 Rd7 20. Qe2
c4 21. Bg5 Qc7 22. Rad1 h6 23. Bc1 Rfd8 24. Bb1 Qb6 25. h4 Nb4 26. Be3 Qe6
27. Rxd7 Rxd7 28. Rd1 Nf5 29. Bc5 Nc6 30. h5 Rxd1+ 31. Qxd1 Nxe5 32. hxg6
fxg6 33. Nxe5 Qxe5 34. Ba3 Qd4 35. Qf3 Qe5 36. g4 Nd4 37. Qe4 Qxe4 38. Bxe4
Kf7 39. f4 g5 40. fxg5 hxg5 41. Kf2 Be5 42. Ke3 Ne6 43. Bc6 b4 44. Bxb4
Bxb2 45. Bd5 c3 46. Kd3 Kf6 47. Bxc3+ Bxc3 48. Kxc3 Nf4 49. Kd4 Ng6 50. Bb7
1/2-1/2

[Event "WCh w Blitz Final"]
[Site "Moscow RUS"]
[Date "2010.09.18"]
[Round "27"]
[White "Muzychuk,M"]
[Black "Gunina,V"]
[Result "1-0"]
[WhiteElo "2464"]
[BlackElo "2465"]
[EventDate "2010.09.17"]

1. e4 c6 2. d4 d5 3. Nc3 dxe4 4. Nxe4 Nf6 5. Nxf6+ gxf6 6. Nf3 h5 7. Be3
Bf5 8. Bd3 Qd7 9. Qd2 Bxd3 10. Qxd3 Na6 11. O-O-O O-O-O 12. c4 e6 13. Kb1
Bg7 14. d5 exd5 15. cxd5 Nb4 16. Qe4 Nxd5 17. Bxa7 f5 18. Qc2 Rhe8 19. Bb6
Qe6 20. Bxd8 Nb4 21. Qb3 Qe4+ 22. Kc1 Bh6+ 23. Bg5 Bxg5+ 24. Nxg5 Qf4+ 25.
Rd2 Re5 26. Nf3 Rb5 27. Qxf7 Rc5+ 28. Kd1 Kb8 29. Qf8+ Kc7 30. Qd8+ 1-0

[Event "WCh w Blitz Final"]
[Site "Moscow RUS"]
[Date "2010.09.18"]
[Round "27"]
[White "Sebag,M"]
[Black "Zhukova,N"]
[Result "1-0"]
[WhiteElo "2499"]
[BlackElo "2499"]
[EventDate "2010.09.17"]

1. e4 Nf6 2. e5 Nd5 3. d4 d6 4. Nf3 g6 5. Be2 Bg7 6. O-O O-O 7. c4 Nb6 8.
exd6 cxd6 9. Nc3 Nc6 10. h3 Bf5 11. Be3 d5 12. c5 Nc4 13. Bxc4 dxc4 14. Re1
Bd3 15. Ne2 e5 16. dxe5 Nxe5 17. Nxe5 Bxe5 18. Qd2 Qf6 19. Bg5 Qf5 20. Bf4
Rfe8 21. Bxe5 Rxe5 22. Ng3 Rxe1+ 23. Rxe1 Qxc5 24. Qc3 Rd8 25. Qf6 Qd6 26.
Re8+ Rxe8 27. Qxd6 a6 28. Qb6 h5 29. h4 1-0

[Event "WCh w Blitz Final"]
[Site "Moscow RUS"]
[Date "2010.09.18"]
[Round "27"]
[White "Gaponenko,I"]
[Black "Stefanova,A"]
[Result "1-0"]
[WhiteElo "2469"]
[BlackElo "2551"]
[EventDate "2010.09.17"]

1. e4 e5 2. Nf3 Nc6 3. Bb5 Nf6 4. O-O Nxe4 5. d4 Nd6 6. Bxc6 dxc6 7. dxe5
Nf5 8. Qxd8+ Kxd8 9. Nc3 Bd7 10. h3 h6 11. Bf4 Kc8 12. Rad1 b6 13. Bh2 Ne7
14. Rfe1 c5 15. e6 fxe6 16. Ne5 Be8 17. Nd3 Kb7 18. Nf4 e5 19. Ne6 Nc6 20.
Nxf8 Rxf8 21. Bxe5 Nxe5 22. Rxe5 Rf7 23. Nd5 Bc6 24. c4 a5 25. Nc3 a4 26.
a3 Rf4 27. Re7 Rg8 28. Nb5 Rxc4 29. Rxc7+ Ka6 30. Nd6 Rc2 31. Rxc6 Rd8 32.
Rb1 Re2 33. Nf5 Rdd2 34. Rf1 Rxb2 35. Nxg7 Kb5 36. Rxh6 c4 37. Nf5 Red2 38.
Ne3 Kc5 39. Rh5+ Kd4 40. Rd5+ 1-0

[Event "WCh w Blitz Final"]
[Site "Moscow RUS"]
[Date "2010.09.18"]
[Round "27"]
[White "Muzychuk,A"]
[Black "Paikidze,N"]
[Result "1-0"]
[WhiteElo "2535"]
[BlackElo "2376"]
[EventDate "2010.09.17"]

1. e4 c6 2. d4 d5 3. e5 Bf5 4. Nc3 e6 5. g4 Bg6 6. Nge2 h5 7. Nf4 c5 8.
Nxg6 fxg6 9. Bd3 Ne7 10. Nb5 Qb6 11. dxc5 Qxc5 12. Be3 Qb4+ 13. c3 Qxg4 14.
Qxg4 hxg4 15. Nc7+ Kd7 16. Nxa8 Nbc6 17. Bb5 Rh5 18. Bd4 Kc8 19. O-O-O Kb8
20. Rdg1 Nxe5 21. Re1 Nf3 22. Rxe6 Kxa8 23. Bc5 Re5 24. Rxe5 Nxe5 25. Re1
Nf3 26. Re6 1-0

[Event "WCh w Blitz Final"]
[Site "Moscow RUS"]
[Date "2010.09.18"]
[Round "28"]
[White "Kosintseva,N"]
[Black "Skripchenko,A"]
[Result "1-0"]
[WhiteElo "2565"]
[BlackElo "2464"]
[EventDate "2010.09.17"]

1. e4 d6 2. d4 Nf6 3. Nc3 g6 4. Be3 c6 5. Qd2 b5 6. Bd3 Nbd7 7. Nf3 e5 8.
O-O Bg7 9. a4 bxa4 10. dxe5 dxe5 11. Nxa4 O-O 12. h3 Qe7 13. c4 Nh5 14.
Rfd1 f5 15. Qa5 Kh8 16. Nc5 Ndf6 17. Bg5 h6 18. Bd2 Qf7 19. Nxe5 Qe8 20.
Bc3 Nf4 21. exf5 gxf5 22. Bf1 Qh5 23. Ncd3 Nxd3 24. Nxd3 Rg8 25. Nf4 Qf7
26. Be5 Ne4 27. Bxg7+ Qxg7 28. Qa3 Qe5 29. Qe3 Qxb2 30. f3 Ng5 31. h4 Nf7
32. h5 Qf6 33. Ng6+ Kh7 34. Re1 a5 35. c5 a4 36. Bc4 Ra7 37. Ra3 f4 38.
Nxf4 Bf5 39. Bd3 Bxd3 40. Qxd3+ Kg7 41. Ne6+ Kh8 42. Qd4 Qxd4+ 43. Nxd4 Rg5
44. Nxc6 Rc7 45. Nd4 Ra7 46. Ne6 Rxh5 47. c6 Rha5 48. c7 Nd6 49. Rd1 R5a6
50. Rxd6 Rxd6 51. c8=Q+ 1-0

[Event "WCh w Blitz Final"]
[Site "Moscow RUS"]
[Date "2010.09.18"]
[Round "28"]
[White "Koneru,H"]
[Black "Nebolsina,V"]
[Result "0-1"]
[WhiteElo "2593"]
[BlackElo "2360"]
[EventDate "2010.09.17"]

1. d4 Nf6 2. c4 g6 3. g3 Bg7 4. Bg2 d5 5. cxd5 Nxd5 6. e4 Nb6 7. Ne2 c5 8.
d5 O-O 9. O-O e6 10. Nec3 Na6 11. Nd2 Nb4 12. Nb3 exd5 13. exd5 Bf5 14.
Nxc5 Nc2 15. Rb1 Nb4 16. Ra1 Nc2 17. g4 Nxa1 18. gxf5 gxf5 19. Be3 Nc4 20.
Qxa1 Nxe3 21. fxe3 Qe7 22. Nb3 Qxe3+ 23. Kh1 Rae8 24. Qb1 Qh6 25. Qxf5 Re5
26. Qf3 Re3 27. Qg4 Kh8 28. Ne4 Be5 29. h3 Rg8 30. Qf5 Bxb2 31. Nf2 Reg3
32. Rg1 Qg7 33. Ng4 Qc3 34. Kh2 Qc7 35. Kh1 Qc3 36. Kh2 Qc7 37. Kh1 Qc3 38.
Qh5 f5 39. Qxf5 Rxh3+ 40. Nh2 Rh6 41. d6 Qg3 42. Qh3 0-1

[Event "WCh w Blitz Final"]
[Site "Moscow RUS"]
[Date "2010.09.18"]
[Round "28"]
[White "Kosintseva,T"]
[Black "Sebag,M"]
[Result "1-0"]
[WhiteElo "2573"]
[BlackElo "2499"]
[EventDate "2010.09.17"]

1. e4 c5 2. Nf3 d6 3. d4 cxd4 4. Nxd4 Nf6 5. Nc3 a6 6. Be3 e5 7. Nb3 Be7 8.
Qd2 Be6 9. f4 b5 10. O-O-O Nbd7 11. f5 Bc4 12. Rg1 Ng4 13. Kb1 O-O 14. Bxc4
bxc4 15. Nc1 Nxe3 16. Qxe3 Bg5 17. Qe2 Qc7 18. Nd5 Qc5 19. h4 Bxc1 20. Kxc1
Rab8 21. c3 Rb7 22. g4 Rfb8 23. Rg2 a5 24. g5 a4 25. a3 Rb3 26. Nb4 Nb6 27.
f6 Re8 28. h5 Rd8 29. fxg7 d5 30. exd5 e4 31. g6 hxg6 32. hxg6 f5 33. Rh2
Kxg7 34. Rh7+ Kf6 35. g7 Nxd5 36. Nxd5+ Rxd5 37. g8=Q Rxc3+ 38. Kb1 1-0

[Event "WCh w Blitz Final"]
[Site "Moscow RUS"]
[Date "2010.09.18"]
[Round "28"]
[White "Zhukova,N"]
[Black "Muzychuk,M"]
[Result "0-1"]
[WhiteElo "2499"]
[BlackElo "2464"]
[EventDate "2010.09.17"]

1. d4 Nf6 2. c4 e6 3. Nf3 c5 4. e3 cxd4 5. exd4 d5 6. Nc3 Be7 7. Bd3 dxc4
8. Bxc4 O-O 9. O-O Nc6 10. a3 b6 11. Re1 Bb7 12. Ba2 Rc8 13. Qd3 Nd5 14.
Bb1 g6 15. Bh6 Re8 16. Ba2 Nxc3 17. bxc3 Bf6 18. Rad1 Ne7 19. Ne5 Nf5 20.
Bf4 Bg5 21. Qd2 Bxf4 22. Qxf4 Rxc3 23. Ng4 Rxa3 24. Bb1 h5 25. Ne5 Qh4 26.
Qd2 Ra4 27. Bxf5 exf5 28. Nxg6 Rxe1+ 29. Qxe1 Qg4 30. Ne7+ Kf8 31. d5 Re4
32. Qd2 Rxe7 33. f3 Qg7 34. Qb4 Qe5 35. d6 Rd7 36. h3 Qc5+ 0-1

[Event "WCh w Blitz Final"]
[Site "Moscow RUS"]
[Date "2010.09.18"]
[Round "28"]
[White "Gunina,V"]
[Black "Lahno,Kateri"]
[Result "1-0"]
[WhiteElo "2465"]
[BlackElo "2539"]
[EventDate "2010.09.17"]

1. d4 Nf6 2. Nf3 g6 3. c4 Bg7 4. g3 O-O 5. Bg2 d5 6. cxd5 Nxd5 7. O-O Nb6
8. Nc3 Nc6 9. e3 Re8 10. Re1 a5 11. Qc2 a4 12. Rd1 Bf5 13. Qe2 Qc8 14. d5
Na5 15. e4 Bh3 16. e5 Bxg2 17. Kxg2 c6 18. e6 f5 19. Be3 Nxd5 20. Nxd5 cxd5
21. Bd4 Bf6 22. Qe3 Nc4 23. Qh6 Bxd4 24. Rxd4 Qxe6 25. Ng5 Qf6 26. Qxh7+
Kf8 27. Qh6+ Kg8 28. Rh4 Qg7 29. Qxg7+ Kxg7 30. Ne6+ Kf6 31. Nc7 Rac8 32.
Nxd5+ Kg7 33. Re1 e6 34. Ne3 Nxb2 35. Rb4 Nd3 36. Rxb7+ Kf6 37. Re2 g5 38.
Ra7 Ra8 39. Rh7 Kg6 40. Rc7 a3 41. Nc4 Kf6 42. Nd6 Re7 43. Rxe7 Kxe7 44.
Nxf5+ Kf6 45. Ne3 Nb2 46. Rc2 Rd8 47. Rc3 Ra8 48. Nc2 Nd1 49. Rxa3 Rd8 50.
Ne3 Nb2 51. Rb3 Rd2 52. Nf1 Rc2 53. Rf3+ Kg6 54. Re3 Kf7 55. Kf3 Nc4 56.
Re2 Rc3+ 57. Kg4 Kf6 58. Ne3 Ne5+ 59. Kh3 Ra3 60. Ng4+ Nxg4 61. Kxg4 Ra4+
62. Kh3 Kf5 63. f3 Ra3 64. Kg2 e5 65. g4+ Kf6 66. Kf2 Ke6 67. Rd2 e4 68.
fxe4 Ke5 69. Re2 Kf4 70. e5 Kxg4 71. e6 Ra8 72. e7 Re8 73. a4 Kf5 74. Kg3
Kf6 75. Kg4 Kf7 76. a5 1-0

[Event "WCh w Blitz Final"]
[Site "Moscow RUS"]
[Date "2010.09.18"]
[Round "29"]
[White "Gunina,V"]
[Black "Kosintseva,N"]
[Result "1-0"]
[WhiteElo "2465"]
[BlackElo "2565"]
[EventDate "2010.09.17"]

1. d4 Nf6 2. Nf3 d5 3. c4 e6 4. Nc3 Be7 5. Bg5 h6 6. Bh4 O-O 7. e3 b6 8.
Rc1 Bb7 9. cxd5 exd5 10. Bd3 Ne4 11. Bxe7 Qxe7 12. O-O Nd7 13. Qa4 c5 14.
Ba6 Ndf6 15. Bxb7 Qxb7 16. Ne5 Rac8 17. Rfd1 c4 18. Nxe4 Nxe4 19. Qb4 a5
20. Qb5 Nd6 21. Qd7 Rfd8 22. Qxb7 Nxb7 23. a4 Nd6 24. f3 f6 25. Ng6 Kf7 26.
Nf4 Nf5 27. Kf2 g5 28. Ne2 Ne7 29. Nc3 f5 30. Rb1 Nc6 31. Na2 Nb4 32. Nc3
Rc6 33. Ke2 Re6 34. Kd2 Rde8 35. Re1 Kg6 36. Re2 h5 37. Rf1 Rd8 38. g3 g4
39. Rg2 Rde8 40. fxg4 hxg4 41. Re2 Rd8 42. Ref2 Rf8 43. Rf4 Rff6 44. R4f2
Rf8 45. Ne2 Nd3 46. Nf4+ Nxf4 47. Rxf4 Re4 48. Rxe4 dxe4 49. Kc3 Rc8 50. d5
Kf6 51. Kd4 Rb8 52. Kxc4 Ke5 53. Rd1 Kd6 54. Kb5 Rc8 55. Rd2 Rc1 56. Kxb6
Re1 57. Kxa5 Rxe3 58. b4 Rd3 59. Re2 Rxd5+ 60. b5 Kc5 61. b6 Kc4+ 62. Ka6
Kd3 63. Rb2 Kc3 64. b7 Kxb2 65. b8=Q Kc3 66. Qc7+ Kd4 67. Qc1 e3 68. Kb6
Ke4 69. Qh1+ Kd4 70. Qf1 Re5 71. Qf4+ Re4 72. Qd6+ Kc3 73. Qc5+ Kd3 74.
Qd5+ Kc3 75. Qxf5 Kd4 76. Qf6+ Kd3 77. Qd6+ Kc3 78. Qc5+ Kd3 79. Qd5+ Rd4
80. Qf5+ Re4 81. Qb5+ Kc3 82. Qc5+ Kd3 83. Qa3+ Kd4 84. Qb2+ Kd3 85. Qb1+
Kd4 86. Qd1+ Kc3 87. Qe2 Kd4 88. Kb5 Re8 89. Qc4+ Ke5 90. Qc5+ Kf6 91. Qd4+
Kf7 92. Qf4+ 1-0

[Event "WCh w Blitz Final"]
[Site "Moscow RUS"]
[Date "2010.09.18"]
[Round "29"]
[White "Lahno,Kateri"]
[Black "Zhukova,N"]
[Result "1/2-1/2"]
[WhiteElo "2539"]
[BlackElo "2499"]
[EventDate "2010.09.17"]

1. d4 d5 2. c4 e6 3. Nf3 c5 4. cxd5 exd5 5. Nc3 Nc6 6. g3 c4 7. Bg2 Bb4 8.
O-O Nge7 9. Bd2 O-O 10. b3 Qa5 11. Qc1 b5 12. a3 Bxc3 13. Bxc3 Qc7 14. Nd2
Bg4 15. e4 Rad8 16. bxc4 bxc4 17. Re1 Be6 18. exd5 Nxd5 19. Nxc4 Nxc3 20.
Qxc3 Nxd4 21. Rac1 Rfe8 22. Ne3 Qxc3 23. Rxc3 Nb5 24. Rc5 Nxa3 25. Ra5 Nc4
26. Rxa7 Nxe3 27. fxe3 h6 28. Raa1 1/2-1/2

[Event "WCh w Blitz Final"]
[Site "Moscow RUS"]
[Date "2010.09.18"]
[Round "29"]
[White "Muzychuk,M"]
[Black "Kosintseva,T"]
[Result "1-0"]
[WhiteElo "2464"]
[BlackElo "2573"]
[EventDate "2010.09.17"]

1. e4 e5 2. Nf3 Nc6 3. d4 exd4 4. Nxd4 Bc5 5. Be3 Qf6 6. c3 Nge7 7. g3 d5
8. Bg2 dxe4 9. O-O O-O 10. Nd2 Bb6 11. Nxe4 Qg6 12. Nb5 Bf5 13. Bxb6 cxb6
14. Nbd6 Rad8 15. Qe2 Rxd6 16. Nxd6 Qxd6 17. Rad1 Qf6 18. Qd2 h6 19. Qf4
Ng6 20. Qc7 Qe7 21. Qd6 Be6 22. a3 Qxd6 23. Rxd6 Nge5 24. Bd5 Nc4 25. Rxe6
fxe6 26. Bxe6+ Kh7 27. Bxc4 Rd8 28. Re1 Na5 29. Be6 Rd2 30. Bf5+ Kg8 31.
Bg6 Rd8 32. Re7 Nc6 33. Rxb7 Ne5 34. Bf5 Rd2 35. Rxa7 Rxb2 36. Re7 Nf3+ 37.
Kg2 Nd2 38. Bg6 1-0